=LDR 00000nam 2200000 4500 =001 INLIS000000000040010 =005 20240823020201 =035 ##$$a 0010-061300000040010 =008 240823################g##########0#ind## =041 ##$$a Ind =082 ##$$a 813 =090 ##$$a 813, Cru m.1 =100 ##$$a Melissa de la Cruz =245 1#$$a Masquerade, Topeng Kematian /$c Melissa de la Cruz =260 ##$$a Jakarta :$b Gagas Media,$c 2011 =300 ##$$a viii+362 hlm, ; $c 14x20 cm =700 #$$a Ayuning =850 ##$$a NBPNMAT =020 ##$$a 979-780-492-5 =084 ##$$a 813 CRU m =990 ##$$a 21112378 =990 ##$$a 21112379 =990 ##$$a 21112379 =990 ##$$a 21112378